00466 2200193 4500001002100000005001500021008004100036020001800077035001900095041000700114082001400121090001400135100001700149245002900166250000600195260003000201300002600231650001500257INLIS00000000001284920241224114437241224||||||||| | ||| |||| || |  a979-413-507-0 0010-1224012849 aid0 a720 GUN p a720 GUN p0 aRudy Gunawan00aPengantar Teknik Pondasi a1 aYogyakartabkansiusc1983 a57 hlm.: ilus.; 21 cm 0aArsitektur